| 000 | 00499nam a22001937a 4500 | ||
|---|---|---|---|
| 003 | OSt | ||
| 005 | 20160823175148.0 | ||
| 008 | 160823b xxu||||| |||| 00| 0 eng d | ||
| 020 | _a0198517955 | ||
| 040 | _cDDC | ||
| 082 | _2535 PEA 1997 | ||
| 100 |
_aPeatross, Justin; Ware, Michale _910915 |
||
| 245 | _aPhysical optics | ||
| 260 | _aOxford University Press, 1997 | ||
| 300 | _aviii, 341p; ill: 26cm | ||
| 504 | _aBibliograhy, & index included | ||
| 650 |
_aOptics _9780 |
||
| 942 |
_2z _cO_SHELF |
||
| 999 |
_c5087 _d5087 |
||